Islam Dan Pemindahan Organ

Bibliographic Details
Main Author: Ismail Hj Ibrahim,Dr
Format: Book
Published: Kuala Lumpur : Institut Kefahaman Islam Malaysia , 1998.
Subjects:

MARC

LEADER 00000cam a2200000 7i4500
001 0000009543
005 20110617.0
008 081114 bm
020 |a 9839099353 
090 0 0 |a 297.015 ISM 
100 1 |a Ismail Hj Ibrahim,Dr. 
245 1 0 |a Islam Dan Pemindahan Organ   |c Penyunting Dr. Ismail Hj. Ibrahim 
260 |a Kuala Lumpur :   |b Institut Kefahaman Islam Malaysia ,   |c 1998. 
300 |a viii, 118 p. ;   |c 21 cm. 
650 0 0 |a Islam and religions 
999 |a 0000109676   |b Buku   |c Rak Terbuka   |e Perpustakaan Cawangan Masjid Tanah 
999 |a 147256   |b Buku   |c Rak Terbuka   |e Perbadanan Perpustakaan Awam Melaka 
999 |a 155880   |b Buku   |c Rak Terbuka   |e Perpustakaan Cawangan Jasin 
999 |a 155881   |b Buku   |c Rak Terbuka   |e Perbadanan Perpustakaan Awam Melaka 
999 |a 155882   |b Buku   |c Rak Terbuka   |e Perpustakaan Cawangan Masjid Tanah 
999 |a 95261   |b Buku   |c Rak Terbuka   |e Perbadanan Perpustakaan Awam Melaka 
999 |a 95263   |b Buku   |c Rak Terbuka   |e Perpustakaan Cawangan Masjid Tanah 
999 |a 95268   |b Buku   |c Rak Terbuka   |e Perpustakaan Cawangan Jasin 
999 |a 95269   |b Buku   |c Rak Terbuka   |e Perbadanan Perpustakaan Awam Melaka 
999 |a 95273   |b Buku   |c Rak Terbuka   |e Perbadanan Perpustakaan Awam Melaka 
999 |a 95274   |b Buku   |c Rak Terbuka   |e Perbadanan Perpustakaan Awam Melaka